000 00917cam a22002771 4500
999 _c20315
_d20315
001 7051891
003 BDDh-ASL
005 20231015025854.0
008 790917s1964 enk b 000 0 eng
010 _a 64057164
015 _aGB64-12119
035 _a(OCoLC)5381482
040 _aDLC
_cPLF
_dOCoLC
_dUk
_dDLC
_dBDDh-ASL
050 0 0 _aBP89
_b.A7
082 _a297.09
_bARA
100 1 _aArberry, A. J.
_q(Arthur John),
_d1905-1969.
245 1 0 _aAspects of Islamic civilization, as depicted in the original texts/
_cby A.J. Arberry.
260 _aLondon:
_bG. Allen and Unwin,
_c[1964]
300 _a408 p.
_c23 cm.
500 _aIncludes selections from original texts in English translation.
504 _aBibliography: p. 404-405.
650 0 _aIslamic literature
_xHistory and criticism.
650 0 _aIslamic civilization.
906 _a7
_bcbc
_coclcrpl
_du
_encip
_f19
_gy-gencatlg
942 _2ddc
_cBK